<?xml version="1.0" encoding="UTF-8"?>
<collection xmlns="http://www.loc.gov/MARC21/slim">
<record>
  <controlfield tag="001">1052</controlfield>
  <datafield tag="088" ind1=" " ind2=" ">
    <subfield code="a">WY0107d</subfield>
  </datafield>
  <datafield tag="980" ind1=" " ind2=" ">
    <subfield code="a">59476936857</subfield>
  </datafield>
  <datafield tag="520" ind1=" " ind2=" ">
    <subfield code="a">Some of the evidence loaded for transport to San Francisco from raid of the rum-runner Hawk. The coatless man on left is not being hand-cuffed, but is just being searched for missing evidence. Posse member, Emory Olson is standing on truck.</subfield>
  </datafield>
  <datafield tag="960" ind1=" " ind2=" ">
    <subfield code="a">wy</subfield>
  </datafield>
</record>
</collection>